Zborov žŷje teatrom

Bibliographic Details
Corporate Author: Slovenská tlačová agentúra (Author)
Format: Article
Language:Ukrainian
Subjects:
Online Access:www.rusyn.sk

MARC

LEADER 00000nab a2200000 a 4500
001 vtls011563526
003 SK-MaSNL
005 20260318114946.0
008 160628c2016 xo er p 000 c0ukr
015 |a SNBRB2016/06 
038 |a SVKPOCL 
040 |a SVKPOCL  |b slo  |c SVKPOCL  |e AACR2 
041 0 |a ukr 
044 |a xo  |c SK 
080 |a 80(=16)+908(4)  |2 2011 
080 |a 80(=161.25)+908(437.6)  |2 2011 
080 |a 792.077  |2 2011 
080 |a 792(091)  |2 2011 
110 2 |a Slovenská tlačová agentúra  |4 aut  |9 188059 
245 0 0 |a Zborov žŷje teatrom  |c SITA 
500 |a V rubrike Informačnŷj servis Z domova i zo svita 
500 |a SITA pozri Slovenská tlačová agentúra 
648 7 |a 1919  |2 svkpocl  |9 288263 
648 7 |a 2010  |2 svkpocl  |9 324355 
650 0 7 |a dejiny divadla  |2 svkpocl  |9 83390 
650 0 7 |a rusinistika  |2 svkpocl  |9 90871 
650 0 7 |a slavistika  |2 svkpocl  |9 4282 
650 0 7 |a amatérske divadlo  |2 svkpocl  |9 3348 
651 7 |a Zborov (Slovensko)  |2 svkpocl  |9 34657 
651 7 |a Bardejov (Slovensko : okres)  |2 svkpocl  |9 28620 
773 0 |t Info Rusyn  |g Roč. XIII, č. 6 (2016), s. 4 
852 |a SVKPO  |b KIS3GCP 
856 4 1 |u www.rusyn.sk 
958 |a RN 
958 |a SK 
958 |a SS 
999 |c 3335949  |d 3337879